| 000 | 00659nam a2200193Ia 4500 | ||
|---|---|---|---|
| 003 | PILC | ||
| 005 | 20160212122515.0 | ||
| 008 | 140321s9999 xx 000 0 und d | ||
| 020 | _a9780857027580 | ||
| 050 |
_aBF 713 _b.D48 2012 |
||
| 245 |
_aDevelopmental psychology : _brevisiting the classic studies / _cedited by : Alan M. Slater and Paul C. Quinn. |
||
| 260 |
_aCalifornia : _bSAGE, _c2012. |
||
| 300 |
_a230 pages : _billustrations ; _c25 cm. |
||
| 440 | _a(Psychology :revisiting the classic studies). | ||
| 500 | _aIncludes bibliographical references and indexes. | ||
| 650 | _aDevelopmental psychology. | ||
| 942 |
_kFOR _cBK _2lcc |
||
| 999 |
_c48704 _d48704 |
||